Normal view MARC view

Entry Personal Name

Number of records used in: 1

001 - CONTROL NUMBER

  • control field: 1237322

003 - CONTROL NUMBER IDENTIFIER

  • control field: OSt

005 - DATE AND TIME OF LATEST TRANSACTION

  • control field: 20260430150359.0

008 - FIXED-LENGTH DATA ELEMENTS

  • fixed length control field: 260430|| aca||aabn | a|a d

040 ## - CATALOGING SOURCE

  • Original cataloging agency: OSt
  • Transcribing agency: OSt

100 ## - HEADING--PERSONAL NAME

  • Personal name: Jain Akansha Au.; Jha P.C. Gu.; Ramanathan Usha Gu

670 ## - SOURCE DATA FOUND

  • Source citation: Work cat.: (OSt)1849646: Jain Akansha Au.; Jha P.C. Gu.; Ramanathan Usha Gu., Mathematical Models for Strategic Transition Towards Omni-Channel Retailing: A Study from Indian Perspective, 2023
Copyright @ Delhi University Library System